| 000 | 01054cam a22003013a 4500 | ||
|---|---|---|---|
| 001 | 13583 | ||
| 003 | PGUSA | ||
| 005 | 20140828083306.0 | ||
| 008 | 041003s2004||||xxu|||||s|||||000 | eng d | ||
| 040 |
_aPGUSA _beng |
||
| 042 | _adc | ||
| 050 | 4 | _aPR | |
| 050 | 4 | _aPS | |
| 100 | 1 |
_aEmerson, Ralph Waldo, _d1803-1882 |
|
| 245 | 1 | 4 |
_aThe Correspondence of Thomas Carlyle and Ralph Waldo Emerson, 1834-1872, Vol. I _h[electronic resource] / _cRalph Waldo Emerson |
| 260 |
_bProject Gutenberg, _c2004 |
||
| 506 | _aPublic domain in the USA. | ||
| 516 | _aElectronic text | ||
| 653 | _aAuthors, American -- 19th century -- Correspondence | ||
| 653 | _aHistorians -- Great Britain -- Correspondence | ||
| 653 | _aCarlyle, Thomas, 1795-1881 -- Correspondence | ||
| 653 | _aEmerson, Ralph Waldo, 1803-1882 -- Correspondence | ||
| 653 | _aAuthors, Scottish -- 19th century -- Correspondence | ||
| 700 | 1 |
_aNorton, Charles Eliot, _d1827-1908 |
|
| 830 | 0 |
_aProject Gutenberg _v13583 |
|
| 856 | 4 | 0 | _uhttp://www.gutenberg.org/ebooks/13583 |
| 942 | _cEB | ||
| 999 |
_c242838 _d242838 |
||